00691nam a2200193Ia 4500008004100000020001800041082001600059100002700075245007200102250000900174260007000183300002300253500001900276600002000295650002000315942000700335952013800342999001700480240925s9999 xx 000 0 und d a9789339205041 a338.5024THO aThomas, Christopher R. 0aManagerial Economics: foundations of business analysis and strategy a10th aNew Delhi:bMcGraw Hill Education (India) Private Limitedc,2011. a817p.b0fOriginal aIncludes Index aSocial Sciences aSocial Sciences cBK 001040708SSaUITUbUITUd2018-12-28eBook World Internationalg696.80l0o338.5024THOpQ12982r2024-09-25 07:16:41w2024-09-25yBK c15481d15481